Gaming Quiz

Random Gaming or Pokémon Quiz

Single-type Pokémon (Gen. 1) (Picture Click) Quiz Stats

 Plays Quiz not verified by Sporcle

Score 0/89 Timer 08:00
0 Plays Today
% Correct
Charmander
95.2%
Squirtle
94.3%
Charmeleon
93.9%
Wartortle
93.2%
Pikachu
90.2%
Raichu
89.5%
Meowth
88.9%
Rattata
88.7%
Vulpix
88.6%
Persian
88.5%
Blastoise
88.5%
Abra
88.5%
Growlithe
88.3%
Raticate
88.2%
Alakazam
88.1%
Ninetales
88.1%
Machop
88.1%
Kadabra
88%
Machoke
87.9%
Arcanine
87.8%
Poliwag
87.7%
Machamp
87.6%
Caterpie
87.1%
Mankey
86.6%
Voltorb
86.5%
Poliwhirl
86.2%
Electrode
86.2%
Primeape
86%
Ponyta
85.8%
Metapod
85.7%
% Correct
Rapidash
85.2%
Diglett
85%
Hitmonlee
85%
Grimer
84.7%
Hitmonchan
84.6%
Clefairy
84.5%
Ekans
84.3%
Clefable
84.2%
Dugtrio
84.2%
Eevee
84.1%
Krabby
84.1%
Muk
84%
Drowzee
83.8%
Sandshrew
83.8%
Arbok
83.7%
Hypno
83.7%
Kingler
83.5%
Jigglypuff
83.3%
Goldeen
83.2%
Horsea
83.1%
Electabuzz
83%
Magmar
82.9%
Ditto
82.9%
Sandslash
82.9%
Wigglytuff
82.6%
Chansey
82.4%
Tauros
82.3%
Nidoran♀
82.2%
Vaporeon
82.2%
Jolteon
82.2%
% Correct
Seaking
82.1%
Magikarp
81.8%
Flareon
81.6%
Kangaskhan
81.5%
Lickitung
81.4%
Koffing
80.9%
Nidorina
80.8%
Nidoran♂
80.8%
Psyduck
80.8%
Snorlax
80.8%
Weezing
80.2%
Seadra
80%
Nidorino
79.9%
Cubone
79.4%
Porygon
79.3%
Marowak
78.4%
Tangela
77.5%
Mewtwo
76.9%
Golduck
76.6%
Dratini
76.2%
Seel
76.1%
Mew
75.6%
Pinsir
75.6%
Staryu
75.1%
Dragonair
74.9%
Shellder
73.7%
Mr. Mime
68.2%
Magnemite
67.1%
Magneton
66.1%

You're not logged in!

Compare scores with friends on all Sporcle quizzes.
OR
Log In

Sporcle TV

Today on Sporcle TV


Watch our educational content, quiz creation guides, and fun videos on Sporcle TV.

Show Comments

Extras

Top Quizzes Today


Score Distribution

Your Account Isn't Verified!

In order to create a playlist on Sporcle, you need to verify the email address you used during registration. Go to your Sporcle Settings to finish the process.

Report this User

Report this user for behavior that violates our Community Guidelines.

Details: